Sách tình huống pháp luật hợp đồng và bồi thường thiệt hại ngoài hợp đồng : Bình luận bản án

Đã lưu trong:
Chi tiết về thư mục
Định dạng: Sách
Ngôn ngữ:Undetermined
Được phát hành:  Hồng Đức  2023
Những chủ đề:
Các nhãn: Thêm thẻ
Không có thẻ, Là người đầu tiên thẻ bản ghi này!
Thư viện lưu trữ: Trung tâm Thư viện - Trường Đại học Công nghiệp TP. Hồ Chí Minh
LEADER 00572nam a2200133Ia 4500
001 IUH_2025_00151
008 251224s9999 xx 000 0 und d
082 |a  346.597022 
245 0 |a Sách tình huống pháp luật hợp đồng và bồi thường thiệt hại ngoài hợp đồng : Bình luận bản án 
260 |b  Hồng Đức 
260 |c  2023 
650 |a  Hợp đồng; Bồi thường (luật);  
927 |a Sách 
980 |a Trung tâm Thư viện - Trường Đại học Công nghiệp TP. Hồ Chí Minh